000 00912nam a2200229 a 4500
001 BRCA_785
005 20190320203141.0
008 790530s1979 txua---##b---#000-0#eng-#
040 _aDLC
_cDLC
_dDLC
050 4 _aND253
_b.B36 1979
100 1 _aBantel, Linda
_92613
245 1 0 _aSpain and New Spain
_bMexican Colonial Arts in Their European Context
_cLinda Bantel and Marcus B. Burke ; historical preface by Roberto White.
260 _aCorpus Christi, Texas
_bArt Museum of South Texas
_c1979
300 _a146 p.
_bil.
_c28 cm.
500 _aCatálogo de la exposición realizada en The Art Museum of South (Corpus Christi, Texas), 15 febrero - 30 abril, 1979
500 _aFotocopias
650 1 4 _aArte
_vExposiciones
_yColonia, 1540-1821
_zNueva España
_92614
650 1 4 _aPintura
_yColonia, 1540-1821
_zMéxico
_92615
700 1 _aBurke, Marcus B
_92319
700 1 _aWhite, Roberto
_92616
942 _2lcc
_cB
999 _c682
_d682